| 000 | 01239cam a2200133 4500500 | ||
|---|---|---|---|
| 005 | 20251214002643.0 | ||
| 041 | _afre | ||
| 042 | _adc | ||
| 100 | 1 | 0 |
_aPerret, Michèle _eauthor |
| 245 | 0 | 0 | _aIntroduction à l'histoire de la langue française |
| 260 |
_bArmand Colin,
_c2020. |
||
| 520 | _aQuand a-t-on commencé à parler français ? Comment s’exprimaient les rois de France ? Pourquoi des pays dont le français n’est pas la langue maternelle, l’ont-ils choisi comme langue officielle ? Pourquoi le français ne cesse-t-il d’évoluer ? D’où viennent le féminin et le masculin ? Pourquoi l’imparfait du subjonctif est-il en voie de disparition ? Pourquoi les Français sont-ils si attachés à leur orthographe ?Entre tradition et modernité, cette histoire raisonnée de la langue française donne leur place aux théories les plus récentes et aux controverses actuelles. Son ambition est d’initier à la réflexion sur le changement linguistique en apportant les connaissances nécessaires pour comprendre comment une langue naît et se transforme. | ||
| 856 | 4 | 1 | _uhttps://shs.cairn.info/introduction-a-l-histoire-de-la-langue-francaise--9782200628437?lang=fr&redirect-ssocas=7080 |
| 999 |
_c1567298 _d1567298 |
||